| 000 | 00759nam a22002657a 4500 | ||
|---|---|---|---|
| 008 | 130514b xxu||||| |||| 00| 0 eng d | ||
| 020 | _a81-85617-77-5 | ||
| 024 | _cAvailable | ||
| 037 | _cAvailable | ||
| 040 |
_aMBSTU LIBRARY _dMBSTU LIBRARY |
||
| 082 |
_222 _a425 ROD |
||
| 100 | _aRoberts, Rachael. | ||
| 110 | _aL.W.Kingsland. | ||
| 245 | _aDiscover elementary english grammar. | ||
| 260 |
_aNew Delhi _bViva Books Private Limited. _c1998 |
||
| 300 |
_a28 cm. _b202 page _f2 _g28 cm. |
||
| 600 | _aStandard english. | ||
| 650 | _2tandard english. | ||
| 700 | _aRoberts, Rachael. | ||
| 710 | _aL.W.Kingsland. | ||
| 270 |
_aNew Delhi _bNew Delhi _dIndia |
||
| 365 |
_b104.00 _d104.00 |
||
| 942 |
_2ddc _cBK |
||
| 999 |
_c383 _d383 |
||